| Tag |
First Indicator |
Second Indicator |
Subfields |
| LEADER |
00000cam a2200000 a 4500 |
| 001 |
in00004482113 |
| 005 |
20191203081633.0 |
| 008 |
980408s1999 paua b 001 0 eng |
| 010 |
|
|
|a 98021357
|
| 020 |
|
|
|a 1560532068 (alk. paper)
|
| 035 |
|
|
|a (OCoLC)38966197
|
| 035 |
|
|
|9 AAH6425MS
|
| 035 |
|
|
|z (UtOrBLW)26085
|
| 035 |
|
|
|a 39913
|
| 040 |
|
|
|a DLC
|c DLC
|d YDX
|d OCL
|d UtOrBLW
|
| 049 |
|
|
|a TMVM
|c 1
|
| 050 |
0 |
0 |
|a RC620.5
|b .N868 1999
|
| 060 |
|
4 |
|a QU 18.bN976 1999
|
| 082 |
0 |
0 |
|a 616.3/9/0076
|2 21
|
| 096 |
|
|
|a QU 18.2
|b N975 1999
|
| 245 |
0 |
0 |
|a Nutrition secrets :
|b [questions you will be asked on rounds, in the clinic, on oral exams] /
|c [edited by] Charles W. Van Way III.
|
| 264 |
|
1 |
|a Philadelphia, PA :
|b Hanley & Belfus,
|c [1999]
|
| 264 |
|
4 |
|c ©1999
|
| 300 |
|
|
|a xi, 276 pages :
|b illustrations ;
|c 23 cm.
|
| 336 |
|
|
|a text
|2 rdacontent
|b txt
|
| 337 |
|
|
|a unmediated
|2 rdamedia
|
| 338 |
|
|
|a volume
|2 rdacarrier
|b nc
|
| 490 |
1 |
|
|a Secrets series
|
| 504 |
|
|
|a Includes bibliographical references and index.
|
| 650 |
|
2 |
|a Nutrition Disorders
|v Examination Questions.
|
| 650 |
|
2 |
|a Nutritional Physiological Phenomena
|v Examination Questions.
|
| 700 |
1 |
|
|a Van Way, Charles W.
|
| 830 |
|
0 |
|a Secrets series.
|
| 999 |
|
|
|a MARS
|
| 999 |
f |
f |
|s aae5f1ab-95cf-3305-9fd9-df90fbaa4d4f
|i c59951ce-afa5-3f5a-b59a-47ef28c13867
|t 0
|
| 952 |
f |
f |
|p ric
|a Texas A&M University
|b Rellis Campus
|c Joint Library Facility
|d Remote Storage
|t 0
|e QU 18.2 N975 1999
|h National Library of Medicine classification
|i unmediated -- volume
|m 3238901267053
|
| 998 |
f |
f |
|a QU 18.2 N975 1999
|t 0
|l Remote Storage
|